[Event "Titled Tuesday intern op 24th Aug"]
[Site "Chess.com INT"]
[Date "2021.08.24"]
[Round "3"]
[White "Espinosa Veloz, Ermes"]
[Black "Hajaj, Nimrod"]
[Result "1-0"]
[WhiteElo "2485"]
[BlackElo "2038"]
[PlyCount "77"]
[EventDate "2021.08.24"]
[EventType "swiss (blitz)"]
[EventRounds "11"]
[EventCountry "USA"]
[SourceTitle "EXT 2022"]
[Source "ChessBase"]
[SourceDate "2021.10.06"]
[SourceVersion "1"]
[SourceVersionDate "2021.10.06"]
[SourceQuality "1"]

1. e4 c5 2. Nf3 d6 3. c3 Nf6 4. h3 g6 5. Bd3 Nc6 6. Bc2 e5 7. 0-0 Bg7 8. d4 exd4 9. cxd4 cxd4 10. Nxd4 0-0 11. Nxc6 bxc6 12. Nc3 Rb8 13. Rb1 Be6 14. Bf4 Ne8 15. Qd2 Qa5 16. Bh6 Bxa2 17. Nxa2 Qxa2 18. Bxg7 Nxg7 19. Qxd6 Rxb2 20. Rxb2 Qxb2 21. Bd3 Ne6 22. Bc4 Qf6 23. Qxc6 Qe5 24. Bxe6 Qxe6 25. Qxe6 fxe6 26. Ra1 Ra8 27. Ra6 e5 28. Kf1 Kf7 29. Ke2 Ke7 30. Kd3 Kd7 31. Kc4 Kc7 32. Re6 a5 33. Kb3 a4+ 34. Ka3 Ra5 35. Re7+ Kd6 36. Rxh7 Ra6 37. Rg7 Kc5 38. Rd7 Kc4 39. Rd5 1-0

[Event "Titled Tuesday intern op 24th Aug"]
[Site "Chess.com INT"]
[Date "2021.08.24"]
[Round "4"]
[White "Moreira, Ronaldo Alonso"]
[Black "Hajaj, Nimrod"]
[Result "0-1"]
[WhiteElo "2088"]
[BlackElo "2038"]
[PlyCount "82"]
[EventDate "2021.08.24"]
[EventType "swiss (blitz)"]
[EventRounds "11"]
[EventCountry "USA"]
[SourceTitle "EXT 2022"]
[Source "ChessBase"]
[SourceDate "2021.10.06"]
[SourceVersion "1"]
[SourceVersionDate "2021.10.06"]
[SourceQuality "1"]

1. d4 Nf6 2. c4 e6 3. Nc3 Bb4 4. Bd2 0-0 5. e3 d5 6. Bd3 dxc4 7. Bxc4 b6 8. Nf3 Bb7 9. 0-0 c5 10. Rc1 cxd4 11. Nxd4 Nbd7 12. Qe2 a6 13. Bxe6 fxe6 14. Nxe6 Qe7 15. Nxf8 Rxf8 16. f3 Bc5 17. Kh1 Ne5 18. e4 Kh8 19. Be3 Nh5 20. Rcd1 Qh4 21. Kg1 Nf4 22. Qf2 Bxe3 23. Qxe3 Qg5 24. Qd2 Nc4 25. Qc2 Ne3 26. Qd2 Nexg2 27. Kh1 Nh4 28. Qd4 Qh5 29. Qf2 Nhg6 30. Rd4 Qc5 31. Rfd1 Qc7 32. Rd7 Qc6 33. Qd4 Qf6 34. Qxf6 gxf6 35. Rxb7 Ne5 36. Rf1 b5 37. Rb6 Nc4 38. Rxa6 Nxb2 39. Rb6 Nbd3 40. Rxb5 Rg8 41. Rbb1 Nh3 0-1